Southville International School and Colleges
Your cart is empty.
  • Cart
  • Lists
    Public lists Eva Luna New books Lux_list list_1
    Your lists Log in to create your own lists
  • Log in to your account
  • Your cookies
  • Search history
Southville International School and Colleges
  • Advanced search
  • Recent comments
  • Most popular
  • Libraries

Log in to your account

Log in with GOOGLE


If you do not have an external account, but do have a local account, you can still log in:

  1. Home
  2. MARC view: Fundamentals of leadership and management in nursing.
Normal view MARC view ISBD view

Fundamentals of leadership and management in nursing. (Record no. 23952)

[ view plain ]
MARC details
000 -LEADER
fixed length control field 00603nam a2200205 a 4500
005 - DATE AND TIME OF LATEST TRANSACTION
control field 20140310183502.0
008 - FIXED-LENGTH DATA ELEMENTS--GENERAL INFORMATION
fixed length control field 100906s19uu xx 00 eng d
020 ## - INTERNATIONAL STANDARD BOOK NUMBER
International Standard Book Number 981-06--9943-3
050 ## - LIBRARY OF CONGRESS CALL NUMBER
Classification number RT 89
Item number .F499 2006
100 ## - MAIN ENTRY--PERSONAL NAME
Personal name Finkelman, Anita W.
245 ## - TITLE STATEMENT
Title Fundamentals of leadership and management in nursing.
Statement of responsibility, etc Anita W. Finkelman
260 ## - PUBLICATION, DISTRIBUTION, ETC. (IMPRINT)
Place of publication, distribution, etc New Jersey :
Name of publisher, distributor, etc Prentice Hall,
Date of publication, distribution, etc 2006.
300 ## - PHYSICAL DESCRIPTION
Extent 556 p. :
Dimensions 28 cm.
521 ## - TARGET AUDIENCE NOTE
Target audience note
650 ## - SUBJECT ADDED ENTRY--TOPICAL TERM
Topical term or geographic name as entry element Nursing services
General subdivision Administration.
650 ## - SUBJECT ADDED ENTRY--TOPICAL TERM
Topical term or geographic name as entry element Leadership.
650 ## - SUBJECT ADDED ENTRY--TOPICAL TERM
Topical term or geographic name as entry element Nurse administrators.
942 ## - ADDED ENTRY ELEMENTS (KOHA)
Koha item type Books
Source of classification or shelving scheme Library of Congress Classification
Call number prefix Foreign
Holdings
Withdrawn status Lost status Source of classification or shelving scheme Damaged status Home library Current library Shelving location Date acquired Total Checkouts Full call number Barcode Date last seen Copy number Price effective from Koha item type
    Library of Congress Classification   College Library College Library General Circulation Section 09/06/2010   RT 89 .F499 2006 C11233 05/15/2018 1 03/10/2014 Books

Fundamentals of leadership and management in nursing.

APA

Finkelman A. W., . (2006). Fundamentals of leadership and management in nursing. New Jersey: Prentice Hall.

Chicago

Finkelman Anita W, . 2006. Fundamentals of leadership and management in nursing. New Jersey: Prentice Hall.

Harvard

Finkelman A. W., . (2006). Fundamentals of leadership and management in nursing. New Jersey: Prentice Hall.

MLA

Finkelman Anita W, . Fundamentals of leadership and management in nursing. New Jersey: Prentice Hall. 2006.

  • Place hold
  • Print
  • Cite
  • Add to your cart (remove)
  • Save record
    BIBTEX Dublin Core MARCXML MARC (non-Unicode/MARC-8) MARC (Unicode/UTF-8) MARC (Unicode/UTF-8, Standard) MODS (XML) RIS
  • More searches
    Search for this title in:
    Other Libraries (WorldCat) Other Databases (Google Scholar) Online Stores (Bookfinder.com) Open Library (openlibrary.org)

Exporting to Dublin Core...

SOUTHVILLE LIBRARY

Southville International School and Colleges Library

1281 Tropical Ave. Cor. Luxembourg St., BF Homes International, Las Pinas City

Tel. No. 8256374 / 252358 Loc. 117/146

Powered by Koha